00334nam a2200109Ia 4500008004100000245010500041260003500146260000900181300001000190500000800200650001600208170224s9999 xx 000 0 und d aChild temperament and parental depression predict cortisol reactivity to stress in middle childhood. bJournal of Abnormal Psychology c2014 a123:2 aMay xPsychology.